000 01368cam a2200397 i 4500
001 68873
003 Mx-PuUPA
005 20260323132012.0
008 250821s2016 mx |||dr|||| 00| f spa d
020 _a9786072421752
020 _a9789687791760
_qde la colección El Barco de Vapor
040 _aMx-PuUPA
_bspa
_cMx-PuUPA
_dMx-PuUPA
_erda
041 0 _aspa
043 _aar-----
100 1 _aGallego García, Laura,
_d1977-
_913430
_eautor
245 1 3 _aLa leyenda del rey errante /
_ctexto, Laura Gallego García
250 _aSegunda edición
264 1 _aCiudad de México :
_bSM de Ediciones,
_c2006
300 _a219 páginas ;
_c19 cm
336 _2rdacontent
_atexto
_btxt
337 _2rdamedia
_asin medio
_bn
338 _2rdacarrier
_avolumen
_bnc
490 1 _aEl barco de vapor. Roja ;
_v12 M
500 _a"Premio el Barco de Vapor" .-- Cubierta, portada.
500 _aReimpresiones: (Primera, 2016).
521 1 _a12+
650 7 _2armarc
_aLiteratura española
650 7 _2armarc
_aAventuras
_vNovela infantil
650 7 _2armarc
_aConducta (Ética)
_vNovela juvenil
651 4 _aPenínsula Arábiga
_vNovela juvenial
830 0 _aBarco de vapor
_pRoja
_v12 M
_912924
942 _2ddc
_cLI
_h863
_iB2612
999 _c68873
_d68873